000 00919nam2a2200265 4500
001 RU\NLR\bibl\113695
005 20250617093340.0
010 _a5-87457-130-2
_92000
021 _aRU
_b2000-14219п
_9525п
035 _a(NLR Aleph) 000111305
090 _a631460
_c631460
100 _a20001019d1999 |||y0rusy50 ca
101 0 _arus
102 _aRU
105 _ay |||||||||
200 0 _aВып. 24
210 _d1999
_aБ. м.
215 _a192 с.
461 0 _1001RU\NLR\bibl\95329
_12001#$aЖилищная реформа в г. Москве$vВып. 24
_9523424
_cМ.
_d1999
_fЦентр содействия жил. реформе
_nМенеджер
_oСб. нормат. документов
_tЖилищная реформа в г. Москве
_vВып. 24
801 0 _aRU
_bNLR
_c20001019
_gPSBO
801 1 _aRU
_bNLR
_c20001019
852 _aNLR
_j97-3/7193
942 _cBOOK
980 _aNB